League of Legends - Zgadnij postać po jej tekście gdy się nią wybierze - Statystyki

Ogólne statystyki
  • Ten quiz został rozwiązany 287 razy
  • Średni wynik to 5 z 10
Statystyki odpowiedzi
Tekst Postacie % Poprawnych
Śmierć jest niczym wiatr,zawsze u mego boku. Yasuo
91%
Nie chodzi o to ile masz czasu,ale jak go wykorzystasz. Ekko
83%
Jestem spętana, ale nie ulegne. Morgana
74%
Na dno z nimi. Pyke
69%
Bój się zabójczyni bez mistrza. Akali
67%
Wiedz, że w odwrotne sytuacjinie okazałbym ci litości. Veigar
48%
Moje żądło powoduje paskudnąśmierć. Skarner
40%
Przeznaczenie. Panowanie.Podstęp. Mordekaiser
23%
Nie można się ze mną równać. Sett
17%
To oczywiste. Aurelion sol
11%
Nie znaleziono quizów pasujących do podanych kryteriów
Rozkład punktacji
Procent ludzi z każdym wynikiem
Percentyl według liczby udzielonych odpowiedzi
Twoja historia wyników
Nie rozwiązałeś tego quizu